000 00949nam a2200265 4500
001 26280
003 BD-RjUL
005 20211209051007.0
008 140322r19691957nyuab b 001 0 eng
035 _a(BD-RjUL)26350
040 _aDLC
_cDLC
_dDLC
_dBD-RjUL
_beng
041 _aeng
082 0 0 _a973
_bHUS 1969
100 1 _aHulbert, Archer Butler,
_d1873-1933.
_980806
245 1 0 _aSoil: its influence on the history of the United States :
_bwith special reference to migration and the scientific study of local history /
_cArcher Butler Hulbert.
260 _aNew York :
_bRussell & Russell,
_cc1957 [Reprinted 1969].
300 _a227 p. :
_bill., maps. ;
_c24 cm.
504 _aIncludes index.
650 0 _aHuman geography
_zUnited States.
_980807
650 0 _aHuman beings
_xEffect of environment on
_zUnited States.
_980808
650 0 _aSoils
_zUnited States.
_980809
942 _2ddc
_cBK
999 _c26280
_d26280